Rázy a vibrace : základy mechaniky a zmírňování účinků /

Hlavní autor: Menčík, Jaroslav
Jazyk: Čeština
Vydáno: [Pardubice] : Univerzita Pardubice, 2018
Vydání: Vydání: první
Témata:
Fyzický popis: 130 stran : ilustrace ; 24 cm
Knihy
Uloženo v:
LEADER 01646nam a2200493 i 4500
001 nkc20183000791
003 CZ PrNK
005 20181212121903.0
007 ta
008 180606s2018 xr a f 001 0 cze
015 |a cnb003000791 
020 |a 978-80-7560-146-9  |q (brožováno) 
035 |a (OCoLC)1051234571 
040 |a BOA001  |b cze  |e rda 
041 0 |a cze  |b cze  |b eng 
072 7 |a 531  |x Obecná mechanika. Mechanika pevných a tuhých těles  |2 Konspekt  |9 6 
080 |a 531.43/.46:539.3  |2 MRF 
080 |a 534.1  |2 MRF 
080 |a 62-752.2  |2 MRF 
080 |a (048.8)  |2 MRF 
100 1 |a Menčík, Jaroslav  |7 ola2005284362  |4 aut 
245 1 0 |a Rázy a vibrace :  |b základy mechaniky a zmírňování účinků /  |c Jaroslav Menčík 
250 |a Vydání: první 
264 1 |a [Pardubice] :  |b Univerzita Pardubice,  |c 2018 
300 |a 130 stran :  |b ilustrace ;  |c 24 cm 
336 |a text  |b txt  |2 rdacontent 
337 |a bez média  |b n  |2 rdamedia 
338 |a svazek  |b nc  |2 rdacarrier 
500 |a 20 výtisků 
504 |a Obsahuje bibliografie a rejstřík 
650 0 7 |a kontaktní mechanika  |7 ph694880  |2 czenas 
650 0 7 |a vibrace  |7 ph127091  |2 czenas 
650 0 7 |a tlumení vibrací  |7 ph151468  |2 czenas 
650 0 9 |a contact mechanics  |2 eczenas 
650 0 9 |a vibration  |2 eczenas 
650 0 9 |a vibration damping  |2 eczenas 
653 0 |a ráz těles 
655 7 |a monografie  |7 fd132842  |2 czenas 
655 9 |a monographs  |2 eczenas 
910 2 |a BOA001  |b 2-1408.827 
990 |a BK 
995 |a 01 
991 |b 201807  |c NOV 
996 6 |b 2610747704  |c 2-1408.827  |l MZK  |r Sklad / do 1 hodiny  |n 1  |p p.v.  |w 001673002  |u 000010  |a 1  |e BOA001  |j MZK50  |s P